Borgesův svět / Václav Cílek ; ilustrace Helena Wernischová
Record details
- ISBN: 978-80-7363-109-3
- Physical Description: 225 s. : il. ; 19 cm
- Edition: 1. vyd.
- Publisher: Praha : Dokořán, 2007
Content descriptions
| Bibliography, etc. Note: | Obsahuje bibliografii |
Search for related items by subject
| Subject: | literatura > filozofické pojetí literární kánon čtenářství literature > philosophical approach literary canon reading |
| Genre: | eseje essays |
Available copies
- 1 of 1 copy available at Common Catalog SPOK.
Holds
- 0 current holds with 1 total copy.
Show Only Available Copies
| Location | Call Number / Copy Notes | Barcode | Shelving Location | Status | Due Date |
|---|---|---|---|---|---|
| The Jewish community of Prague | K 2700 | 4638300834 | K - Beletrie | Available | - |
Electronic resources
Version of Resource: Digitalizovaný dokument
| LDR | 01477nam a2200433 a 4500 | ||
|---|---|---|---|
| 001 | 52939 | ||
| 003 | CZ-PrJAB | ||
| 005 | 20070802145828.0 | ||
| 007 | ta | ||
| 008 | 070412s2007 xr a e 000 e cze | ||
| 015 | . | ‡acnb001715930 | |
| 020 | . | ‡a978-80-7363-109-3 ‡q(váz.) : ‡cKč 275,00 | |
| 035 | . | ‡a(CZ PrNK)nkc20071715930 | |
| 035 | . | ‡a(OCoLC)181621552 | |
| 040 | . | ‡aOLA001 ‡bcze ‡dABA001 | |
| 072 | 7. | ‡a82 ‡xLiteratura. Literární život ‡2Konspekt ‡911 | |
| 080 | . | ‡a82 ‡2MRF | |
| 080 | . | ‡a101 ‡2MRF | |
| 080 | . | ‡a[82:081]-021.61 ‡2MRF | |
| 080 | . | ‡a028.1 ‡2MRF | |
| 080 | . | ‡a(0:82-4) ‡2MRF | |
| 100 | 1 | . | ‡aCílek, Václav, ‡d1955- ‡7jo20000080776 ‡4aut |
| 245 | 1 | 0. | ‡aBorgesův svět / ‡cVáclav Cílek ; ilustrace Helena Wernischová |
| 250 | . | ‡a1. vyd. | |
| 260 | . | ‡aPraha : ‡bDokořán, ‡c2007 | |
| 300 | . | ‡a225 s. : ‡bil. ; ‡c19 cm | |
| 504 | . | ‡aObsahuje bibliografii | |
| 650 | 0 | 7. | ‡aliteratura ‡7ph117222 ‡xfilozofické pojetí ‡2czenas |
| 650 | 0 | 7. | ‡aliterární kánon ‡7ph388304 ‡2czenas |
| 650 | 0 | 7. | ‡ačtenářství ‡7ph222812 ‡2czenas |
| 650 | 0 | 9. | ‡aliterature ‡xphilosophical approach ‡2eczenas |
| 650 | 0 | 9. | ‡aliterary canon ‡2eczenas |
| 650 | 0 | 9. | ‡areading ‡2eczenas |
| 655 | 7. | ‡aeseje ‡7fd132213 ‡2czenas | |
| 655 | 9. | ‡aessays ‡2eczenas | |
| 700 | 1 | . | ‡aWernischová, Helena, ‡d1942- ‡7jk01151616 ‡4ill |
| 856 | 4 | 1. | ‡uhttp://krameriusndk.nkp.cz/search/handle/uuid:84a09a20-ed3a-11e2-9923-005056827e52 ‡yDigitalizovaný dokument |
| 910 | . | ‡aABE461 | |
| 995 | . | ‡aska | |
| 901 | . | ‡a52939 ‡bAUTOGEN ‡c52939 ‡tbiblio | |